NASCAR 2025 Cook Out Clash Results - Statistics

General Stats
  • This quiz has been taken 16 times
  • The average score is 16 of 23
Answer Stats
Hint Answer % Correct
1st: Chase Elliott
100%
3rd: Denny Hamlin
94%
2nd: Ryan Blaney
94%
5th: Bubba Wallace
75%
4th: Joey Logano
75%
6th: Ross Chastain
75%
7th: Austin Cindric
69%
23rd: Chase Briscoe
69%
8th: Tyler Reddick
69%
19th: Alex Bowman
63%
16th: Carson Hocevar
63%
10th: Chris Buescher
63%
12th: Christopher Bell
63%
22nd: Daniel Suarez
63%
13th: Josh Berry
63%
15th Kyle Busch
63%
17th: Kyle Larson
63%
9th: Shane Van Gisbergen
63%
18th: William Byron
63%
21st: Brad Keselowski
56%
20th: Noah Gragson
56%
11th: Ryan Preece
56%
14th: Todd Gilliland
56%
No matching quizzes found
Score Distribution
Percent of People with Each Score
Percentile by Number Answered
Your Score History
You have not taken this quiz